Vainqueurs de la Ligue des champions de l'OFC - Statistiques

Statistiques générales
  • Ce quiz a été pris 5 fois
  • Le résultat moyen est 17 sur 22
Statistiques - réponses
Année Pays Vainqueur % Correct
2006 Nouvelle-Zélande Auckland City
100%
2009 Nouvelle-Zélande Auckland City
100%
2011 Nouvelle-Zélande Auckland City
100%
2012 Nouvelle-Zélande Auckland City
100%
2013 Nouvelle-Zélande Auckland City
100%
2014 Nouvelle-Zélande Auckland City
100%
2015 Nouvelle-Zélande Auckland City
100%
2016 Nouvelle-Zélande Auckland City
100%
2017 Nouvelle-Zélande Auckland City
100%
2022 Nouvelle-Zélande Auckland City
100%
2023 Nouvelle-Zélande Auckland City
100%
2024 Nouvelle-Zélande Auckland City
100%
2025 Nouvelle-Zélande Auckland City
100%
2005 Australie Sydney FC
80%
1987 Australie Adélaïde City
60%
1999 Australie South Melbourne
60%
2018 Nouvelle-Zélande Team Wellington
60%
2019 Nouvelle-Calédonie Hienghène Sport
20%
2010 Papouasie-Nouvelle-Guinée PRK Hekari United
20%
2007 Nouvelle-Zélande Waitakere United
20%
2008 Nouvelle-Zélande Waitakere United
20%
2001 Australie Wollongong Wolves
20%
Aucun quiz correspondant
Distribution des résultats
% des personnes avec chaque résultat
Percentile par nombre de réponses
Votre historique - résultats
Vous n’avez pas pris ce quiz